|
|
|
|
| LEADER |
00000naa2a2200000 4500 |
| 001 |
391125 |
| 005 |
20231101064042.0 |
| 035 |
|
|
|a (RuTPU)RU\TPU\prd\24916
|
| 090 |
|
|
|a 391125
|
| 100 |
|
|
|a 20040406a2004 k y0rusy50 ca
|
| 101 |
0 |
|
|a rus
|
| 102 |
|
|
|a RU
|
| 200 |
1 |
|
|a Быстрая реакция участка Когделл компании Oxy Permian на закачку [CO2]
|f С. Пеннел, С. Мелзер
|g Пер. В. Иванов
|
| 225 |
1 |
|
|a Нефть мира
|
| 461 |
|
1 |
|0 (RuTPU)RU\TPU\prd\1175
|x 0202-4578
|t Нефтегазовые технологии
|o научно-технический журнал
|f World Oil ; Pipe Line Industry ; Gulf Publishing Company
|d 1994-
|
| 463 |
|
1 |
|0 (RuTPU)RU\TPU\prd\24183
|t № 1
|v С. 47-49
|d 2004
|
| 610 |
1 |
|
|a заводнение
|
| 610 |
1 |
|
|a нефть
|
| 610 |
1 |
|
|a добыча
|
| 610 |
1 |
|
|a быстрая реакция
|
| 610 |
1 |
|
|a закачка
|
| 610 |
1 |
|
|a США
|
| 610 |
1 |
|
|a месторождение Снайдер
|
| 700 |
|
1 |
|a Пеннел
|b С.
|
| 701 |
|
1 |
|a Мелзер
|b С.
|
| 702 |
|
1 |
|a Иванов
|b В.
|4 730
|
| 801 |
|
1 |
|a RU
|b 63413507
|c 20040406
|g PSBO
|
| 801 |
|
2 |
|a RU
|b 63413507
|c 20120116
|g RCR
|
| 942 |
|
|
|c BK
|